000 004150000a22001690004500
003 MACL
005 20160110133647.0
008 160110b xxu||||| |||| 00| 0 eng d
040 _aMACL
_cMACL
041 _aEnglish
082 _a800
100 _aG Bell & Sons Ltd
_928972
245 _aGallic and Civil Wars
260 _bG Bell & Sons Ltd
_c1911
_aLondon
650 _aLiterature
_930932
942 _cBK
_k800
_2ddc
999 _c39240
_d39240